Les arrêts du bus 84 RATP (Paris) - Statistiques

Statistiques générales
  • Ce quiz a été pris 2 fois
  • Le résultat moyen est 15 sur 30
Statistiques - réponses
Numéro Arrêts % Correct
19 Assemblée Nationale
100%
29 Luxembourg
100%
17 Madeleine
100%
27 Musée du Luxembourg
100%
30 Panthéon
100%
8 Pereire
100%
26 Saint-Sulpice
100%
28 Sénat
100%
24 Sèvres - Babylone
100%
2 Centre Commercial
50%
11 Courcelles
50%
14 Haussmann - Miromesnil
50%
1 Levallois - Alsace
50%
20 Lille - Université
50%
12 Murillo
50%
7 Pereire - Le Châtelier
50%
15 Saint-Augustin
50%
21 Solférino - Bellechasse
50%
6 Square Sainte-Odile
50%
10 Wagram - Courcelles
50%
16 Anjou - Chauveau Lagarde
0%
23 Charlotte Perriand
0%
18 Concorde - Royale
0%
25 Michel Debré
0%
9 Pereire - Maréchal Juin
0%
3 Reims - Hôtel des Impôts
0%
5 Reims - Pitet
0%
22 Rue du Bac - René Char
0%
13 Ruysdaël - Parc Monceau
0%
4 Wilson - Courcelles
0%
Aucun quiz correspondant
Distribution des résultats
% des personnes avec chaque résultat
Percentile par nombre de réponses
Votre historique - résultats
Vous n’avez pas pris ce quiz